Normal view
MARC view
Entry Personal Name
001 - CONTROL NUMBER
- control field: 14122
003 - CONTROL NUMBER IDENTIFIER
- control field: BD-RjUL
005 - DATE AND TIME OF LATEST TRANSACTION
- control field: 20241105131300.0
008 - FIXED-LENGTH DATA ELEMENTS
- fixed length control field: 241105|| aca||aabn | a|a d
040 ## - CATALOGING SOURCE
- Original cataloging agency: BD-RjUL
- Transcribing agency: BD-RjUL
100 ## - HEADING--PERSONAL NAME
- Personal name: غالب، مرزااسدالله خان،,
- Dates associated with a name: 1797-1869
670 ## - SOURCE DATA FOUND
- Source citation: Work cat.: (BD-RjUL)84245: غالب، مرزااسدالله خان،, 1797-1869, , اردوئے معلّى / Urdū-yi muʻallá / , 1964